English phonetics, phonology and spelling for the English language teacher / Laurie Bauer. (Record no. 22108)

000 -LEADER
fixed length control field 00587nam a22001577a 4500
020 ## - INTERNATIONAL STANDARD BOOK NUMBER
ISBN 9781032607948 (ebook)
082 ## - DEWEY DECIMAL CLASSIFICATION NUMBER
Classification number 421.5071
Item number B323 2024
100 ## - MAIN ENTRY--AUTHOR NAME
Personal name Bauer, Laurie, 1949-, author.
245 ## - TITLE STATEMENT
Title English phonetics, phonology and spelling for the English language teacher / Laurie Bauer.
260 ## - PUBLICATION, DISTRIBUTION, ETC. (IMPRINT)
Place of publication New York :
Name of publisher Routledge,
Year of publication c2024.
300 ## - PHYSICAL DESCRIPTION
Number of Pages 1 online resource, vii,174 pages.
Other physical details illustrations.
490 ## - SERIES STATEMENT
Series statement ELS & applied linguistics professional series
500 ## - GENERAL NOTE
General note Includes bibliographical references and index.
650 ## - SUBJECT ADDED ENTRY--TOPICAL TERM
Topical Term English language -- Usage.
942 ## - ADDED ENTRY ELEMENTS (KOHA)
Koha item type Electronic Books
Holdings
Source of acquisition Permanent Location Date acquired Collection code Koha item type Lost status Shelving location Withdrawn status Current Location Full call number
DonationCagayan State University - Carig Library2026-04-16E-BooksElectronic Books E-Resource Section Cagayan State University - Carig Library421.5071 B323 2024

Cagayan State University University Library, Carig Campus
Tuguegarao City, Cagayan 3500 | www.csucarig.edu.ph

Powered by Koha